Informe de sostenibilidad (Registro nro. 20848)
[ vista simple ]
| 000 -CABECERA | |
|---|---|
| Campo de control | 00699nam a22002297a 4500 |
| 005 - FECHA Y HORA DE LA ULTIMA TRANSACCION | |
| Campo de control | 20200212104254.0 |
| 008 - ELEMENTOS DE LONGITUD FIJA—INFORMACION GENERAL | |
| Campo de control | 200212b xxu||||| |||| 00| 0 spa d |
| 040 ## - FUENTE DE CATALOGACIÓN | |
| Agencia catalogadora original | CO-BoIAVH |
| Agencia transcriptora | CO-BoIAVH |
| 041 ## - IDIOMA | |
| Código de idioma para texto/pista de sonido o título separado | Español |
| 044 ## - PAÍS DE PUBLICACIÓN | |
| País de publicación | Colombia |
| 082 ## - NUMERO DE CLASIFICACION DECIMAL DEWEY | |
| Número de clasificación | 378.1 |
| Número del ítem | E11i |
| 110 2# - ASIENTO PRINCIPAL--NOMBRE CORPORATIVO | |
| 9 (RLIN) | 55920 |
| Nombre corporativo o de jurisdicción como elemento de entrada | Universidad EAFIT |
| 245 ## - MENCION DE TITULO | |
| Título | Informe de sostenibilidad |
| Parte restante del título | 2018 |
| Mención de responsabilidad | Universidad EAFIT |
| 260 ## - PUBLICACION, DISTRIBUCION, ETC. (PIE DE IMPRENTA) | |
| Lugar de publicación, distribución, etc. | Bogotá: |
| Nombre del editor, distribuidor, etc. | Universidad EAFIT, |
| Fecha de publicación, distribución, etc. | s.f. |
| 300 ## - DESCRIPCION FISICA | |
| Extensión | 182 páginas, |
| Otros detalles físicos | Fotografías y gráficos, |
| Dimensiones | 28 x 21 cm |
| 500 ## - NOTA GENERAL | |
| Nota general | Tomo 2: 129 páginas |
| 650 #0 - ASIENTO SECUNDARIO DE MATERIA - TERMINO TEMATICO | |
| 9 (RLIN) | 16900 |
| Término temático o nombre geográfico como elemento de entrada | Evaluación de sostenibilidad |
| 650 #0 - ASIENTO SECUNDARIO DE MATERIA - TERMINO TEMATICO | |
| 9 (RLIN) | 15568 |
| Término temático o nombre geográfico como elemento de entrada | Educación |
| 650 #0 - ASIENTO SECUNDARIO DE MATERIA - TERMINO TEMATICO | |
| 9 (RLIN) | 2508 |
| Término temático o nombre geográfico como elemento de entrada | Informe de gestión |
| 650 #0 - ASIENTO SECUNDARIO DE MATERIA - TERMINO TEMATICO | |
| 9 (RLIN) | 15569 |
| Término temático o nombre geográfico como elemento de entrada | Universidad |
| 942 ## - ELEMENTOS ADICIONALES (KOHA) | |
| Sistema de clasificación | Dewey Decimal Classification |
| Tipo de ítem | Libro |
| Withdrawn status | Lost status | Sistema de Clasificación | Damaged status | No para préstamo | Colección | Ubicación Permanente | Ubicación actual | Fecha de adquisición | Total Checkouts | Número topográfico | Inventario / Código de Barras | Date last seen | Ejemplar | Price effective from | Forma de adquisición | Tipo de material |
|---|---|---|---|---|---|---|---|---|---|---|---|---|---|---|---|---|
| Dewey Decimal Classification | General | Bogotá | Bogotá | 12/02/2020 | LB-378.1 E11i | 044099 | 12/02/2020 | V.1 Ej. 1 | 12/02/2020 | Donación | Libro | |||||
| Dewey Decimal Classification | General | Bogotá | Bogotá | 12/02/2020 | LB-378.1 E11i | 044100 | 12/02/2020 | V.2 Ej. 1 | 12/02/2020 | Donación | Libro | |||||
| Dewey Decimal Classification | General | Bogotá | Bogotá | 12/02/2020 | LB-378.1 E11i | 044101 | 12/02/2020 | V.1 Ej. 2 | 12/02/2020 | Donación | Libro | |||||
| Dewey Decimal Classification | General | Bogotá | Bogotá | 12/02/2020 | LB-378.1 E11i | 044102 | 12/02/2020 | V.2 Ej. 2 | 12/02/2020 | Donación | Libro |